000 nam a22 7a 4500
999 _c128523
_d128523
008 181108b xxu||||| |||| 00| 0 eng d
020 _a9781848672857
050 _aBS195.K5 2004
100 _aKing, Nicholas
_943306
245 _aThe old testament
_ba new, cutting-edge translation of the Septuagint
_cNicholas King
250 _aVol. 1
_bThe Pentateuch
260 _aSuffolk
_bKevin Mayhew
_c2010
300 _aix, 326p. ;
_c24cm.
650 _aBible. King. 2004
_943307
942 _2lcc
_cMONOGRAPH